00546nam a2200181Ii 45000010005000000030009000050080041000140400033000550410008000880820015000961000018001112450107001292640035002363000012002713360026002833370028003093380027003374307CO-ViMGA241108s9999||||xx |||||||||||||| ||und|| aCO-ViMGAbspaerdacCO-ViMGA0 aspa04a539.76 Z531 aAnton Zischka10aPasado, presente y futuro de la energía:bDesde la fuerza motriz humana hasta la energía atómica 1aMadrid, España : Labor, 1961 avolumen atextbtxt2rdacontent aunmediatedbn2rdamedia avolumebnc2rdacarrier